01830nam a2200277 4500003000400000005001700004008004100021020001800062040001400080082002400094245018000118250002200298264005400320300005800374336002700432337002700459338002800486504003800514520072900552650004401281650005001325650004701375700004401422700004301466700004301509OSt20240409140542.0240408s2012 mx ad||f |||| 001 0 spa d a9786074015348 erdacCHAP00222a333.720972bH1101a¿Hacia un manejo sustentable del suelo de conservación del Distrito Federal? /ccoordinado por Enrique Pérez Campuzano, María Perevochtchikova y V.Sophie Ávila Foucat aPrimera edición aMéxico:bIPN: bMiguel Ángel Porrúa,c2012. a257 páginas:bIlustraciones, cuadros, mapas, tablas 2rdacontentatextobtxt 2rdamediaasin mediobn 2rdacarrieravolumenbnc aIncluye índice y bibliografía aLa gestión ambiental es uno de los temas más relevantes para las ciudades. El tránsito hacia ciudades sustentables implica no únicamente los espacios urbanos sino también aquellos que los rodean. Es por ello necesario hablar de la importancia de los servicios eco sistémicos que proveen esos espacios, así como de la forma en como son gestionados. Este libro es el segundo tomo dedicado al análisis de la política ambiental en materia de suelo de conservación del distrito federal. En este se plantean aspectos sociales, biofísicos, económicos. Políticos y de evaluación de las políticas ambientales. Al lector le queda responder la pregunta que articula a los diferentes ensayos de este libro. 4aSuelosxConservaciónzMéxico (D.F.) 4aMedio ambientexProtecciónzMéxico (D.F.) 4aMedio ambientexAspectos socioeconómicos1 aPérez Campuzano, EnriqueeCoordinador1 aPerevochtchikova, MaríaeCoordinador1 aÁvila Foucat, V. SophieeCoordinador